El merchandising: bases, nuevas técnicas, gestión de categorías

Đã lưu trong:
Chi tiết về thư mục
Tác giả chính: Wellhoff, Alain (Tác giả)
Tác giả khác: Masson, Jean-Emile (autor)
Định dạng: Sách
Ngôn ngữ:Tiếng Tây Ban Nha
Được phát hành: Barcelona Deusto 2005
Phiên bản:1a. ed
Những chủ đề:
Các nhãn: Thêm thẻ
Không có thẻ, Là người đầu tiên thẻ bản ghi này!

MARC

LEADER 00000nam a2200000 a 4500
001 UCI5037
003 CL-VaPUC
008 080311e20050000SP |||||||||||||||||spa|d
020 |a 8423422674 
082 0 4 |a 658.8  |b WEL  |2 21 
100 0 |a Wellhoff, Alain  |e author  |9 527111 
700 |a Masson, Jean-Emile  |e autor  |9 527112 
245 1 3 |a El merchandising: bases, nuevas técnicas, gestión de categorías 
250 |a 1a. ed 
300 |a 276 p 
942 |c BK 
945 |d 20080311 00:00:00  |a cmena 
260 |a Barcelona  |b Deusto  |c 2005 
650 0 |a Marketing  |9 259324 
650 0 |a Gestión de ventas  |9 407932 
650 0 |a Planificación estratégica   |9 259735 
650 0 |a Investigación de mercado  |9 332310 
650 0 |a Comercio electrónico  |9 428366 
650 7 |a RENTABILIDAD  |2 CL-VaPUC  |9 351669 
583 |a last modification  |c 20141114 05:29:38  |k Rodrigo Vera 
999 |c 328801  |d 328799 
952 |0 0  |1 0  |4 0  |6 658_800000000000000_WEL_2005  |7 0  |8 A  |9 412959  |a BIBING  |b BIBING  |d 2019-11-22  |i 4592352  |o 658.8 WEL 2005  |p 4592352  |r 2025-01-20  |w 2019-11-22  |y BK  |k EII 
952 |0 0  |1 0  |4 0  |6 658_800000000000000_WEL_2005  |7 0  |8 A  |9 412960  |a BIBING  |b BIBING  |d 2019-11-22  |i 4592344  |o 658.8 WEL 2005  |p 4592344  |r 2025-01-20  |w 2019-11-22  |y BK  |k EII